Film di Checco Zalone - Statistics

Statistiche generali
  • Questo quiz è stato fatto 404 volte
    121 dall'ultimo reset
  • Il punteggio medio è 5 su 6
Statistiche sulle risposte
Anno Film % Corretto
2016 Quo vado?
95%
2020 Tolo Tolo
92%
2025 Buen camino
88%
2013 Sole a catinelle
88%
2018 Cado dalle nubi
83%
2011 Che bella giornata
72%
Nessun quiz corrispondente trovato
Distribuzione punteggi
Percentuale di utenti per punteggio
Percentile per numero di risposta
I tuoi punteggi nel tempo
Non hai fatto questo quiz dall'ultimo reset